Veracruz; el desarrollo econm̤ico fallido 2010-2016

Bibliographic Details
Main Author: Barcelata Chv̀ez, Hilario
Format: eBook
Language:Spanish
Published: Veracruz: Universidad de Xalapa, 2016
Subjects:
Online Access:Acceso restringido

MARC

LEADER 00000nam a22000007a 4500
005 20180330174923.0
007 cr|||| ||||
008 180330s2016 mx |||||s|||| 00||0 spa d
020 |a 978-607-8156-51-1 
035 |a 21164 
040 |a vLex 
090 |c 7581  |d 7581 
100 1 |a Barcelata Chv̀ez, Hilario 
245 1 0 |a Veracruz; el desarrollo econm̤ico fallido 2010-2016  |h [Recurso electrn̤ico] /  |c Hilario Barcelata Chv̀ez 
256 |a Servicio en ln̕ea 
260 |a Veracruz:  |b Universidad de Xalapa,  |c 2016 
300 |a 1 recurso electrn̤ico (744 p.) 
506 1 |a Disponible solo en los productos indicados  |d vLex Global  |d vLex Global (Academic Edition, excluding Law Schools)  |d vLex Global (U.S. Academic Edition, Law Schools)  |d vLex Global (U.S. Academic Edition, excluding Law Schools)  |d vLex Global (Academic Edition, Law Schools) 
650 0 4 |a Derecho Mercantil y de la Empresa  |z Mx̌ico 
650 0 4 |a Economa̕ y negocios  |z Mx̌ico 
740 0 |a vLex Libros (Servicio en ln̕ea) 
856 4 0 |u http://vlex.com/source/veracruz-desarrollo-economico-fallido-2010-2016-21164  |z Acceso restringido 
942 |c BOOK 
999 0 |a Business and Company Law 
999 0 |a Economy and business